| 000 | 00950nam a22002537a 4500 | ||
|---|---|---|---|
| 999 |
_c22588 _d22588 |
||
| 003 | AR-CdUCM | ||
| 008 | 190425b ||||| |||| 00| 0 spa d | ||
| 020 | _a9786124305542 | ||
| 040 |
_aMUNICIPALIDAD PROVINCIAL DEL CUSCO _cBIBLIOTECA MUNICIPAL DEL CUSCO |
||
| 082 |
_aPI/869.56/P332Ch9 _bP332Ch9 |
||
| 100 |
_aPaz Medrano, Andrea _948584 |
||
| 245 |
_aChimoc y el supertraje / _cAndrea y Claudia Paz |
||
| 260 |
_aLima : _bBeascoa, _bQuad Graphics Perú, _c2020. |
||
| 300 |
_a35 páginas, 1 página sin numerar : _bilustraciones en color ; _c24 cm |
||
| 500 | _aContiene códigos QR para escuchar o descargar las canciones en línea. | ||
| 650 |
_aCuentos infantiles peruanos _93914 |
||
| 650 |
_aPerro sin pelo del Perú _948585 |
||
| 650 |
_aLiteratura infantil _9588 |
||
| 650 |
_aCanciones infantiles _916211 |
||
| 650 |
_aCuentos infantiles _93927 |
||
| 700 |
_aPaz Medrano, Claudia _eautor _948586 |
||
| 942 |
_2ddc _cLIBROS |
||
| 945 | _arac | ||